Contemporary theology : (Record no. 8073)
[ view plain ]
| 000 -LEADER | |
|---|---|
| fixed length control field | 01332cam a22003378i 4500 |
| 001 - CONTROL NUMBER | |
| control field | 20809334 |
| 003 - CONTROL NUMBER IDENTIFIER | |
| control field | GBCCL |
| 005 - DATE AND TIME OF LATEST TRANSACTION | |
| control field | 20241126110642.0 |
| 008 - FIXED-LENGTH DATA ELEMENTS--GENERAL INFORMATION | |
| fixed length control field | 190107s2019 miu b 001 0 eng c |
| 010 ## - | |
| -- | 2018061121 |
| 020 ## - INTERNATIONAL STANDARD BOOK NUMBER | |
| International Standard Book Number | 9780310534532 (hardcover) |
| 040 ## - CATALOGING SOURCE | |
| Original cataloging agency | NcWfSB/DLC |
| Language of cataloging | eng |
| Description conventions | rda |
| Transcribing agency | NcWfSB |
| 042 ## - | |
| -- | pcc |
| 050 00 - | |
| -- | BR118 |
| -- | .M325 2019 |
| 082 00 - DEWEY DECIMAL CLASSIFICATION NUMBER | |
| Classification number | 230.046 |
| Edition information | 23 |
| Item number | MAC |
| 100 1# - MAIN ENTRY--PERSONAL NAME | |
| Personal name | MacGregor, Kirk R., |
| Relator term | author. |
| 9 (RLIN) | 14081 |
| 245 10 - TITLE STATEMENT | |
| Title | Contemporary theology : |
| Remainder of title | an introduction : classical, evangelical, philosophical, and global perspectives / |
| Statement of responsibility, etc. | Kirk R. MacGregor. |
| 263 ## - PROJECTED PUBLICATION DATE | |
| Projected publication date | 1901 |
| 264 #1 - PRODUCTION, PUBLICATION, DISTRIBUTION, MANUFACTURE, AND COPYRIGHT NOTICE | |
| Place of production, publication, distribution, manufacture | Grand Rapids, Michigan : |
| Name of producer, publisher, distributor, manufacturer | Zondervan, |
| Date of production, publication, distribution, manufacture, or copyright notice | [2019] |
| 300 ## - PHYSICAL DESCRIPTION | |
| Extent | pages cm |
| 336 ## - CONTENT TYPE | |
| Content type term | text |
| Source | rdacontent |
| 337 ## - MEDIA TYPE | |
| Media type term | unmediated |
| Source | rdamedia |
| 338 ## - CARRIER TYPE | |
| Carrier type term | volume |
| Source | rdacarrier |
| 504 ## - BIBLIOGRAPHY, ETC. NOTE | |
| Bibliography, etc. note | Includes bibliographical references and index. |
| 520 ## - SUMMARY, ETC. | |
| Summary, etc. | "This book will acquaint you with the major thinkers and schools of thought in Christian theology from the nineteenth century to the present, both inside and outside the scope of the evangelical tradition, in roughly chronological order"--Preface. |
| 650 #0 - SUBJECT ADDED ENTRY--TOPICAL TERM | |
| Topical term or geographic name entry element | Theology |
| General subdivision | History |
| Chronological subdivision | 19th century. |
| 9 (RLIN) | 14082 |
| 650 #0 - SUBJECT ADDED ENTRY--TOPICAL TERM | |
| Topical term or geographic name entry element | Theology |
| General subdivision | History |
| Chronological subdivision | 20th century. |
| 9 (RLIN) | 14083 |
| 906 ## - LOCAL DATA ELEMENT F, LDF (RLIN) | |
| a | 7 |
| b | cbc |
| c | orignew |
| d | 1 |
| e | ecip |
| f | 20 |
| g | y-gencatlg |
| 942 ## - ADDED ENTRY ELEMENTS (KOHA) | |
| Source of classification or shelving scheme | Dewey Decimal Classification |
| Koha item type | Books |
| Koha issues (borrowed), all copies | 46 |
| Withdrawn status | Lost status | Source of classification or shelving scheme | Damaged status | Not for loan | Home library | Current Library | Shelving location | Date acquired | Source of acquisition | Cost, normal purchase price | Total checkouts | Total renewals | Full call number | Barcode | Date last seen | Date last checked out | Copy number | Cost, replacement price | Price effective from | Koha item type | Date due |
|---|---|---|---|---|---|---|---|---|---|---|---|---|---|---|---|---|---|---|---|---|---|
| Dewey Decimal Classification | GRACE BIBLE COLLEGE | GRACE BIBLE COLLEGE | Theology | 2019-05-14 | 13 | 1986.00 | 38 | 6 | 230.046 MAC | 014395 | 2026-02-02 | 2026-01-27 | c.1 | 1986.00 | 2019-05-14 | Books | |||||
| Dewey Decimal Classification | GRACE BIBLE COLLEGE | GRACE BIBLE COLLEGE | Theology | 2022-04-11 | 20 | 2 | 230.046 MAC | 015495 | 2026-03-13 | 2026-03-11 | c.2 | 2022-04-11 | Books | ||||||||
| Dewey Decimal Classification | GRACE BIBLE COLLEGE | GRACE BIBLE COLLEGE | Theology | 2024-05-08 | 4 | 5 | 230.046 MAC | 016816 | 2025-11-05 | 2025-11-05 | c.3 | 2024-05-08 | Books | 2026-04-27 | |||||||
| Dewey Decimal Classification | GRACE BIBLE COLLEGE | GRACE BIBLE COLLEGE | Theology | 2024-05-08 | 6 | 230.046 MAC | 016817 | 2026-01-29 | 2026-01-22 | c.4 | 2024-05-08 | Books | |||||||||
| Dewey Decimal Classification | GRACE BIBLE COLLEGE | GRACE BIBLE COLLEGE | Theology | 2024-05-08 | 6 | 4 | 230.046 MAC | 016818 | 2026-03-24 | 2025-11-04 | c.5 | 2024-05-08 | Books |